Wrakah khazānah: (Record no. 74239)

MARC details
000 -LEADER
fixed length control field 00607cam a22002171 4500
001 - CONTROL NUMBER
control field sa 67004060
003 - CONTROL NUMBER IDENTIFIER
control field DLC
005 - DATE AND TIME OF LATEST TRANSACTION
control field 20260227112343.0
008 - FIXED-LENGTH DATA ELEMENTS--GENERAL INFORMATION
fixed length control field 961010s19uu pk hj b 000 0 pusr
010 ## - LIBRARY OF CONGRESS CONTROL NUMBER
LC control number sa 67004060
035 ## - SYSTEM CONTROL NUMBER
System control number (OCoLC)35713111
040 ## - CATALOGING SOURCE
Original cataloging agency DLC
Transcribing agency CLU
Modifying agency CLU
-- DLC
042 ## - AUTHENTICATION CODE
Authentication code premarc
050 00 - LIBRARY OF CONGRESS CALL NUMBER
Classification number PK6804
Item number .H35
100 0# - MAIN ENTRY--PERSONAL NAME
Personal name Hamaysh Khalīl.
245 10 - TITLE STATEMENT
Title Wrakah khazānah:
Statement of responsibility, etc. Hamaysh Khalīl.
260 ## - PUBLICATION, DISTRIBUTION, ETC.
Place of publication, distribution, etc. Peṣhawar Ṣhahar,
Name of publisher, distributor, etc. Dar al-Taṣnīf
Date of publication, distribution, etc. [19--]-
300 ## - PHYSICAL DESCRIPTION
Extent v.
Other physical details facsim., geneal. table.
Dimensions 19 cm.
504 ## - BIBLIOGRAPHY, ETC. NOTE
Bibliography, etc. note Bibliography: v. 2, p. 305-307.
650 #0 - SUBJECT ADDED ENTRY--TOPICAL TERM
Topical term or geographic name entry element Poets, Pushto.

No items available.

Powered by Koha